00245nam a2200097Ia 4500008004000000082001600040100002800056245002100084260003400105300000800139210210b2000 xxu||||| |||| 00| 0 eng d a820.33 PILS aPILLAI (T Sivasankara). aScavenger's son. aNDbAn Orient Paperbackc2000 a143